Biggest cities in Ontario - Statistics

General Stats
  • This quiz has been taken 16 times
  • The average score is 6 of 10
Answer Stats
Population City % Correct
2,731,571 Toronto
100%
964,743 Ottawa
93%
536,917 Hamilton
71%
721,599 Mississauga
71%
383,822 London
64%
217,188 Windsor
57%
593,638 Brampton
43%
233,222 Kitchener
43%
328,966 Markham
29%
306,233 Vaughan
29%
No matching quizzes found
Score Distribution
Percent of People with Each Score
Percentile by Number Answered
Your Score History
You have not taken this quiz